书目信息 |
| 书名: | A Cultre of deference | |
| 作者: | Weissman,Srephen R. | |
| 分册号: | ||
| 分册名: | 出版地: | New York : |
|
| 出版社: | BasicBooks | |
| 出版时间: | 1995. | |
| 页数: | 254 p. ; | |
| 开本: | 21cm. | |
| 丛书名: | ||
| 中图分类号: | ||
| 科图分类号: | ||
| 其他分类号: | D871.20 | |
| 主题词: | ||
| 电子资源: | ||
| 000 | 00450nam 2200145 a 4500 | |
| 001 | E0436284404 | |
| 005 | 2004121710044405 | |
| 008 | 041217s1995 00010 eng | |
| 020 | @a0-465-00761-9 :@cCNY 12.00. | |
| 040 | @aPFT@beng | |
| 090 | @aD871.20 | |
| 099 | @dD871.20@eW432 | |
| 245 | @aA Cultre of deference :@bCongress's Failure of Leadership in Foreign policy / @cWeissman,Srephen R. | |
| 260 | @aNew York :@bBasicBooks,@c1995. | |
| 300 | @a254 p. ;@c21cm. | |
| A Cultre of deference : : Congress's Failure of Leadership in Foreign policy / / Weissman,Srephen R.-New York : : BasicBooks, , 1995. |
| 254 p. ; ; 21cm. |
| ISBN 0-465-00761-9 :CNY 12.00. |
| ● |
| 相关链接 |
|
|
|
正题名:A Cultre of deference
索取号:D871.20/W432
 
预约/预借
| 序号 | 登录号 | 条形码 | 馆藏地/架位号 | 状态 | 备注 |
| 1 | 04489 | 300044896 | 社科库509/509社科库 53排3列6层/ [索取号:D871.20/W432] | 在馆 | |
| 2 | 04885 | 300048856 | 社科库509/509社科库 53排3列6层/ [索取号:D871.20/W432] | 在馆 |